| 000 -LEADER |
| fixed length control field |
00592nam a22001457a 4500 |
| 008 - FIXED-LENGTH DATA ELEMENTS--GENERAL INFORMATION |
| fixed length control field |
230306b ||||| |||| 00| 0 eng d |
| 100 ## - MAIN ENTRY--PERSONAL NAME |
| Personal name |
Fernee, Tadd Graham |
| 245 ## - TITLE STATEMENT |
| Title |
The Gandhian circle of moral consideration: The French revolutionary legacy reconstructed though the “weight of small things’ |
| 260 ## - PUBLICATION, DISTRIBUTION, ETC. (IMPRINT) |
| Place of publication, distribution, etc |
Social Scientist |
| 300 ## - PHYSICAL DESCRIPTION |
| Extent |
50(11-12), Nov-Dec, 2022: p.3-32 |
| 650 ## - SUBJECT ADDED ENTRY--TOPICAL TERM |
| Topical term or geographic name as entry element |
Gandhian circle, moral consideration, French revolutionary legacy, weight of small things, reconstruction. |
| 9 (RLIN) |
38232 |
| 773 ## - HOST ITEM ENTRY |
| Main entry heading |
Social Scientist |
| 906 ## - LOCAL DATA ELEMENT F, LDF (RLIN) |
| Subject DIP |
MORALITY |
| 942 ## - ADDED ENTRY ELEMENTS (KOHA) |
| Item type |
Articles |